Reproducing kernels and norms of composition operators

Elmentve itt :
Bibliográfiai részletek
Szerzők: Bourdon Paul S.
Retsek Dylan Q.
Dokumentumtípus: Cikk
Megjelent: 2001
Sorozat:Acta scientiarum mathematicarum 67 No. 1-2
Kulcsszavak:Matematika
Online Access:http://acta.bibl.u-szeged.hu/15862
LEADER 00665nab a2200193 i 4500
001 acta15862
005 20210326131538.0
008 161015s2001 hu o 0|| eng d
022 |a 0001-6969 
040 |a SZTE Egyetemi Kiadványok Repozitórium  |b hun 
041 |a eng 
100 1 |a Bourdon Paul S. 
245 1 0 |a Reproducing kernels and norms of composition operators  |h [elektronikus dokumentum] /  |c  Bourdon Paul S. 
260 |c 2001 
300 |a 387-394 
490 0 |a Acta scientiarum mathematicarum  |v 67 No. 1-2 
695 |a Matematika 
700 0 1 |a Retsek Dylan Q.  |e aut 
856 4 0 |u http://acta.bibl.u-szeged.hu/15862/1/math_067_numb_001_002_387-394.pdf  |z Dokumentum-elérés